|
|
|
|
| LEADER |
00000ntmaa2200000 a 4500 |
| 001 |
vtls011884681 |
| 003 |
SK-MaSNL |
| 005 |
20260331211407.0 |
| 008 |
251021s1839 xo || 000 p slo |
| 035 |
|
|
|a urn:nbn:sk:snk-tm00dwrx
|
| 035 |
|
|
|a urn:nbn:sk:snk-tm3n2z1
|
| 035 |
|
|
|a FA8157C3-7AB5-4DEC-BC27-67EC8A31CDF2
|
| 040 |
|
|
|a SNKLA
|b slo
|c SNKLA
|e AACR2
|
| 041 |
0 |
|
|a slo
|
| 044 |
|
|
|a xo
|c SK
|
| 072 |
|
7 |
|a 784
|x Vokálna hudba
|2 konspekt
|
| 080 |
|
|
|a 930.85(437.6)-051"18"
|2 2011
|
| 080 |
|
|
|a 371.212:061
|2 2001
|
| 080 |
|
|
|a 025.171
|2 2011
|
| 100 |
1 |
|
|a Šlechta, Ján Slavomil
|4 com
|9 362526
|
| 245 |
1 |
0 |
|a Pjsně Zpěw Okolu Břetislawského zepsané skrze Slawomjla Slichtu
|
| 260 |
|
|
|a w Břetislawě
|c 1839
|
| 300 |
|
|
|a 101 strán
|b rukopis, viazaný
|c 12 cm
|
| 500 |
|
|
|a Kožený obal gravírovaný zlátenkou, pozlátené okraje listov
|
| 500 |
|
|
|a Titul na titulnej strane a na štítku nalepenom na chrbte knihy
|
| 520 |
2 |
|
|a Knižočka piesní spevokolu bratislavských študentov zapísaných Jánom Slavomilom Šlechtom
|
| 555 |
0 |
|
|a II. Inventár rukopisov Literárneho archívu MS. II. Starý fond. B-Literárne práce. Matica slovenská v Martine 1973
|
| 561 |
|
|
|a Okrúhla pečiatka: Archív Matice slovenskej
|
| 650 |
0 |
7 |
|a štúrovci
|2 SNKPH
|9 59026
|
| 650 |
0 |
7 |
|a študentské spolky
|2 SNKPH
|9 69824
|
| 655 |
|
7 |
|a rukopisy
|2 SNKPH
|9 70548
|
| 655 |
|
7 |
|a slovenské piesne
|2 SNKPH
|9 276772
|
| 752 |
|
|
|a Slovensko
|d Bratislava
|
| 852 |
|
|
|a Slovenská národná knižnica
|b Literárny archív
|
| 958 |
|
|
|a ZL
|
| 958 |
|
|
|a LAVD
|
| 999 |
|
|
|c 690179
|d 692109
|
| 952 |
|
|
|a SNKLA
|b SNKLA
|c SNKLA_DEP
|y NEVYP
|7 0
|p 17A1228925
|o snkB 363a
|0 0
|1 0
|4 0
|d 2019-09-03
|f 1
|l 0
|r 2026-02-23 20:24:51
|w 2026-02-23
|